书目信息 |
| 题名: |
特殊儿童个别化教学设计与实施
|
|
| 作者: | 张文京 著 | |
| 分册: | ||
| 出版信息: | 重庆 重庆出版社 2008 |
|
| 页数: | 297页 | |
| 开本: | 26cm | |
| 丛书名: | ||
| 单 册: | ||
| 中图分类: | G760 , G76 | |
| 科图分类: | ||
| 主题词: | 儿童教育--特殊教育--教育方式 | |
| 电子资源: | ||
| ISBN: | 978-7-5366-9602-0 | |
| 000 | 00971nam0 2200241 450 | |
| 001 | 1573427142 | |
| 005 | 20150119202649.23 | |
| 010 | @a978-7-5366-9602-0@dCNY36.00 | |
| 100 | @a20080905d2008 em y0chiy50 ea | |
| 101 | 0 | @achi |
| 102 | @aCN@b500000 | |
| 105 | @ay z 000yy | |
| 200 | 1 | @a特殊儿童个别化教学设计与实施@9te shu er tong ge bie hua jiao xue she ji yu shi shi@f张文京著 |
| 210 | @a重庆@c重庆出版社@d2008 | |
| 215 | @a297页@d26cm | |
| 300 | @a“重庆市特殊儿童心理诊断与教育重点实验室”项目成果 | |
| 330 | @a本书共分12章,主要内容包括特殊儿童个别化教学的教育与教学原理、教学模式、教学设计、教学方法、教学策略、一日教学活动、一周教学活动与经常教学活动、教学环境与教学资源、教学评价、教学评价运作实例、随班就读的个性化教学设计与实施、特殊教育行动研究。 | |
| 606 | 0 | @a儿童教育@x特殊教育@x教育方式 |
| 690 | @aG760@v5 | |
| 690 | @aG76@v4 | |
| 701 | 0 | @a张文京@9zhang wen jing@c(女,@f1948~)@4著 |
| 801 | 0 | @aCN@bTSSF@c20150119 |
| 905 | @aZUCC@dG76@eJY4 | |
| 特殊儿童个别化教学设计与实施/张文京著.-重庆:重庆出版社,2008 |
| 297页;26cm |
| “重庆市特殊儿童心理诊断与教育重点实验室”项目成果 |
| ISBN 978-7-5366-9602-0:CNY36.00 |
| 本书共分12章,主要内容包括特殊儿童个别化教学的教育与教学原理、教学模式、教学设计、教学方法、教学策略、一日教学活动、一周教学活动与经常教学活动、教学环境与教学资源、教学评价、教学评价运作实例、随班就读的个性化教学设计与实施、特殊教育行动研究。 |
| ● |
| 相关链接 |
|
|
|
|
正题名:特殊儿童个别化教学设计与实施
索取号:G76/JY4
 
预约/预借
| 序号 | 登录号 | 条形码 | 馆藏地/架位号 | 状态 | 备注 |
| 1 | 7853493 | 278534935 | 学院路分馆/ [索取号:G76/JY4] | 在馆 | |
| 2 | 7853494 | 278534944 | 学院路分馆/ [索取号:G76/JY4] | 在馆 | |
| 3 | 7853495 | 278534953 | 学院路分馆/ [索取号:G76/JY4] | 在馆 |